Support for home condition reports (Record no. 116997)

MARC details
000 -LEADER
fixed length control field 01084cam a2200229 4500
001 - CONTROL NUMBER
control field WB@3612-865
008 - FIXED-LENGTH DATA ELEMENTS--GENERAL INFORMATION
fixed length control field 040204n2004 000 0 eng u
035 ## - SYSTEM CONTROL NUMBER
System control number (Sirsi) u125024
245 ## - TITLE STATEMENT
Title Support for home condition reports
260 ## - PUBLICATION, DISTRIBUTION, ETC.
Date of publication, distribution, etc. 2004
490 ## - SERIES STATEMENT
Series statement ODPM News Release
Volume/sequential designation (2004/0020) 3 February 2004 (4)
520 ## - SUMMARY, ETC.
Summary, etc. Research carried out by the BRE indicates that there is strong support among home buyers and sellers for the Home Condition Report. Estate agents were also generally positive. It is reported that agents are comfortable with marketing a home with a serious fault - since this brings the problem out into the open. The ODPM also published research into Home Information Packs for low value homes in low demand areas. http://www.odpm.gov.uk/pns/DisplayPN.cgi?pn_id=200 4_0020
590 ## - LOCAL NOTE (RLIN)
Local note WB
590 ## - LOCAL NOTE (RLIN)
Local note WB
590 ## - LOCAL NOTE (RLIN)
Local note WB
650 ## - SUBJECT ADDED ENTRY--TOPICAL TERM
Topical term or geographic name entry element HOME CONDITION REPORTS
650 ## - SUBJECT ADDED ENTRY--TOPICAL TERM
Topical term or geographic name entry element HOME INFORMATION PACKS
650 ## - SUBJECT ADDED ENTRY--TOPICAL TERM
Topical term or geographic name entry element HOMEBUYING PROCESS
650 ## - SUBJECT ADDED ENTRY--TOPICAL TERM
Topical term or geographic name entry element PROPERTY AND LAND LAW
690 ## - LOCAL SUBJECT ADDED ENTRY--TOPICAL TERM (OCLC, RLIN)
Topical term or geographic name as entry element VALUATION AND INVESTMENT APPRAISAL-RESIDENTIAL
942 ## - ADDED ENTRY ELEMENTS (KOHA)
Suppress in OPAC 0
Holdings
Withdrawn status Lost status Source of classification or shelving scheme Damaged status Not for loan Home library Current library Shelving location Date acquired Total Checkouts Full call number Barcode Date last seen Copy number Price effective from Koha item type
    Dewey Decimal Classification     London London News article 04/02/2004   WB4005-21 125024-1001 06/08/2019 1 06/08/2019 News article
    Dewey Decimal Classification     London London News article 04/02/2004   WB4005-21 125024-1002 06/08/2019 2 06/08/2019 News article